Global bifurcation theory and Hilbert's sixteenth problem /
Guardado en:
| Autor Principal: | |
|---|---|
| Formato: | Libro |
| Idioma: | English |
| Publicado: |
Boston :
Kluwer Academic Publishers,
c2003.
|
| Series: | Mathematics and its applications (Kluwer Academic Publishers) ;
v. 559. |
| Materias: | |
| Acceso en línea: | Table of contents Publisher description |
| Etiquetas: |
Agregar Etiqueta
Sin Etiquetas, Sea el primero en etiquetar este registro!
|
| LEADER | 01122cam a22002774a 4500 | ||
|---|---|---|---|
| 001 | MAT.inmabb006454 | ||
| 008 | 030701s2003####maua#####b####001#0#eng## | ||
| 005 | 20150316193727.0 | ||
| 245 | 1 | 0 | |a Global bifurcation theory and Hilbert's sixteenth problem / |c Valery A. Gaiko. |
| 260 | |a Boston : |b Kluwer Academic Publishers, |c c2003. | ||
| 300 | |a xxii, 182 p. : |b il. ; |c 24 cm. | ||
| 490 | 1 | |a Mathematics and its applications ; |v v. 559 | |
| 504 | |a Incluye referencias bibliográficas (p. [165]-178) e índice. | ||
| 510 | 4 | |a MR, |c 2005d:37102 | |
| 020 | |a 1402075715 (acid-free paper) | ||
| 100 | 1 | |a Gaiko, Valery A. | |
| 830 | 0 | |a Mathematics and its applications (Kluwer Academic Publishers) ; |v v. 559. | |
| 650 | 0 | |a Bifurcation theory. | |
| 650 | 0 | |a Vector fields. | |
| 650 | 0 | |a Polynomials. | |
| 084 | |a 37G15 (34-02 34C07 34C23 37G10 |2 MR | ||
| 010 | |a 2003054679 | ||
| 040 | |a DLC |c DLC |d DLC | ||
| 856 | 4 | 1 | |3 Table of contents |u http://www.loc.gov/catdir/toc/fy042/2003054679.html |
| 856 | 4 | 2 | |3 Publisher description |u http://www.loc.gov/catdir/enhancements/fy0823/2003054679-d.html |
| 859 | |h 37 |i G137 |p A-8658 |b BIB. MATEMATICA | ||
